00502nam a2200169 a 450000100060000000300090000600800410001502000150005604000280007108200100009910000160010924501010012526000310022630000130025765000300027065000320030013498CO-ViMGA141112s2004 ck r 000 u spa d a8448011481 aCO-ViMGAbspacCO-ViMGA04aBOLem1 aBolton, Reg10aEmpieza la funcion! mas de 75 maneras de hacer : btiteres malabarismos actuaciones. Danza Mimo. aBarcelona : bCeac, c1999 a48 : ils14aTEATRO ESCOLAR E INFANTIL14aTITERES Y TEATRO DE TITERES